000 00939cab a2200277 4500
001 ABS54050
008 090401t1995 xxu||||| |||| 00| 0 eng d
035 _a(Sirsi) u8124
041 _aeng
100 _aMishra, U.
245 _aCity review: Boston
260 _c1995
350 _a0
490 _aNational Real Estate Investor
_v37(11) October 1995, 102-109(8)
520 _aSurvey of Boston, Mass. commercial property market, inlcuding leasing trends, industrial rents, office market statistics, retail sector and shopping centre sales.
650 _aBOSTON
650 _aINDUSTRIAL MARKETS
650 _aMASSACHUSETTS
650 _aPROPERTY-COMMERCIAL PROPERTY-OFFICE PROPERTY-OFFICE PROPERTY MARKET
650 _aSHOPPING CENTRES
650 _aUNITED STATES OF AMERICA
690 _aPROPERTY-COMMERCIAL PROPERTY-COMMERCIAL PROPERTY MARKET
690 _aOVERSEAS-NORTH AMERICA
942 _n0
948 _c04/03/1997
999 _c4957
_d4957